Náklady na vlastný kapitál ako faktor finančných rozhodnutí podniku
Predkladaný príspevok sa zameriava na analýzu najčastejšie používaných metód kvantifikácie nákladov na vlastný kapitál, pričom hlavná pozornosť je venovaná predovšetkým modelu CAPM a APT.
Salvato in:
| Autore principale: | |
|---|---|
| Natura: | Capitolo di libro |
| Lingua: | slovacco |
| Soggetti: | |
| Tags: |
Nessun Tag, puoi essere il primo ad aggiungerne!!
|
MARC
| LEADER | 00000naa a2200000 4500 | ||
|---|---|---|---|
| 001 | 0311650 | ||
| 005 | 20250822121916.9 | ||
| 041 | 0 | |a slo | |
| 044 | |a SK | ||
| 245 | 1 | 0 | |a Náklady na vlastný kapitál ako faktor finančných rozhodnutí podniku |c Slavomíra Stašková |
| 520 | |a Predkladaný príspevok sa zameriava na analýzu najčastejšie používaných metód kvantifikácie nákladov na vlastný kapitál, pričom hlavná pozornosť je venovaná predovšetkým modelu CAPM a APT. | ||
| 610 | 2 | 0 | |a kapitál |
| 610 | 2 | 0 | |a štruktúra kapitálová |
| 610 | 2 | 0 | |a podnik malý |
| 610 | 2 | 0 | |a podnik stredný |
| 100 | 1 | |a Stašková, Slavomíra, 1989- | |